MARC details
| 000 -LEADER |
| campo de control de longitud fija |
01685nas a2200397 i 4500 |
| 001 - NÚMERO DE CONTROL |
| campo de control |
1512 |
| 003 - IDENTIFICADOR DE NÚMERO DE CONTROL |
| campo de control |
ES-MaACL |
| 005 - FECHA Y HORA DE LA ÚLTIMA TRANSACCIÓN |
| campo de control |
20250805045002.0 |
| 007 - CAMPO FIJO DE DESCRIPCIÓN FÍSICA--INFORMACIÓN GENERAL |
| campo de control de longitud fija |
t| |
| 008 - DATOS DE LONGITUD FIJA--INFORMACIÓN GENERAL |
| campo de control de longitud fija |
950801d18571869sp w|yp | 1 |spa d |
| 022 ## - NÚMERO INTERNACIONAL NORMALIZADO PARA PUBLICACIONES SERIADAS |
| Número Internacional Normalizado para Publicaciones Seriadas |
1889-8440 |
| 080 ## - NÚMERO DE LA CLASIFICACIÓN DECIMAL UNIVERSAL |
| Número de la Clasificación Decimal Universal |
7/8 |
| 245 03 - MENCIÓN DEL TÍTULO |
| Título |
El Museo universal / |
| Mención de responsabilidad, etc. |
[dir., José Gaspar]. |
| 246 3# - FORMA VARIANTE DEL TITULO |
| Texto de visualización |
Subtít. de cub. : |
| Título propio/Titulo breve |
periódico de ciencias, literatura, artes, industria y conocimientos útiles... |
| 260 ## - PUBLICACIÓN, DISTRIBUCIÓN, ETC. |
| Lugar de publicación, distribución, etc. |
Madrid : |
| Nombre del editor, distribuidor, etc. |
Gaspar y Roig, |
| Fecha de publicación, distribución, etc. |
1857-1869. |
| 300 ## - DESCRIPCIÓN FÍSICA |
| Extensión |
v. : |
| Otras características físicas |
il. ; |
| Dimensiones |
35 cm. |
| 310 ## - PERIODICIDAD ACTUAL |
| Periodicidad actual |
Semanal, |
| Fecha de comienzo de la periodicidad actual |
en. 1860-nov. 1869 |
| 321 ## - PERIODICIDAD ANTERIOR |
| Periodicidad anterior |
Quincenal, |
| Fechas de la periodicidad anterior |
1857-59 |
| 362 0# - FECHAS DE PUBLICACIÓN Y/O DESIGNACIÓN SECUENCIAL |
| Fecha de publicación y/o designación secuencial |
Año 1, n. 1 (15 en. 1857)-año 13, n. 48 (28 nov. 1869) |
| 530 ## - NOTA DISPONIBLE DE FORMULARIO FÍSICO ADICIONAL |
| Nota de formato físico adicional disponible |
Disponible en formato digital. |
| 555 ## - NOTA DE ÍNDICE ACUMULATIVO U OTROS INSTRUMENTOS BIBLIOGRÁFICOS |
| Nota de índice acumulativo u otros instrumentos bibliográficos |
elaborados por Elena Páez Ríos en: Colección de índices de publicaciones periódicas, v. 13. |
| 650 #7 - PUNTO DE ACCESO ADICIONAL DE MATERIA--TÉRMINO DE MATERIA |
| Término de materia o nombre geográfico como elemento de entrada |
Cultura |
| Fuente del encabezamiento o término |
embne |
| 9 (RLIN) |
170963 |
| 655 #7 - TERMINO DE INDIZACIÓN--GENERO/FORMA |
| Fuente del término |
tgfbne |
| 9 (RLIN) |
226866 |
| Datos o término principal de género/forma |
Revistas |
| 700 1# - ENTRADA AGREGADA--NOMBRE PERSONAL |
| Nombre de persona |
Gaspar Maritany, José. |
| 9 (RLIN) |
166076 |
| 700 1# - ENTRADA AGREGADA--NOMBRE PERSONAL |
| Nombre de persona |
Carlos, Abelardo de, |
| Fechas asociadas al nombre |
1822-1884 |
| 9 (RLIN) |
166077 |
| 700 1# - ENTRADA AGREGADA--NOMBRE PERSONAL |
| Nombre de persona |
Cobos, Francisco Javier, |
| Fechas asociadas al nombre |
1831-1909 |
| 9 (RLIN) |
166078 |
| 785 00 - ENTRADA/ENLACE A UN TÍTULO POSTERIOR |
| Título |
La Ilustración española y americana = |
| Número Internacional Normalizado para Publicaciones Seriadas |
ISSN 1889-8394 |
| 787 0# - ENTRA/ENLACE A OTRAS RELACIONES |
| biblionumber |
38304 |
| Número de control del registro |
38304 |
| Título |
Calendario del Museo universal = |
| Número Internacional Normalizado para Publicaciones Seriadas |
ISSN 1889-8459 |
| 787 0# - ENTRA/ENLACE A OTRAS RELACIONES |
| Título |
Almanaque literario del Museo universal |
| Número Internacional Normalizado para Publicaciones Seriadas |
ISSN 1889-8467 |
| 852 4# - LOCALIZACIÓN |
| Ubicación |
ES-MaACL |
| Número de control de estantería |
Z-21 |
| Encuadernación |
Olim: Hem-1542 |
| 856 4# - LOCALIZACIÓN Y ACCESO ELECTRÓNICOS |
| Identificador Uniforme de Recursos |
<a href="http://hemerotecadigital.bne.es/details.vm?o=&w=1889-8440&f=issn&l=500">http://hemerotecadigital.bne.es/details.vm?o=&w=1889-8440&f=issn&l=500</a> |
| Nota pública |
Hemeroteca Digital |
| 856 4# - LOCALIZACIÓN Y ACCESO ELECTRÓNICOS |
| Identificador Uniforme de Recursos |
<a href="http://prensahistorica.mcu.es/es/consulta/registro.cmd?id=6108 ">http://prensahistorica.mcu.es/es/consulta/registro.cmd?id=6108 </a> |
| Nota pública |
Biblioteca Virtual de Prensa Histórica |
| 866 #0 - MENCIÓN TEXTUAL DE FONDOS--UNIDAD BIBLIOGRÁFICA BÁSICA |
| Fondos |
1857-1860, 1862-1967, 1869 |
| 942 ## - ELEMENTOS DE ENTRADA SECUNDARIOS (KOHA) |
| Fuente del sistema de clasificación o colocación |
Clasificación decimal universal |
| Tipo de ítem Koha |
Libro impreso |
| Suprimir en OPAC |
No |